01673cam a22003977a 4500003000500000005001700005008004100022010000900063011000900072035000900081040000900090090001000099100003900109245019500148260004200343300001800385502008700403590003700490590004100527590004100568590004100609590004100650590004200691650004400733650003200777650003400809650002300843650003300866901000700899942000900906949004400915949004900959999001501008952012501023952012701148CHAP20220329133613.0971013s1993 r 00010 d a8466 a9438 a8673 cCHAP aTesis00aRosas Acevedo, José Luis.999995 0aConidiogénesis de siete cepas de Hirsutella thompsonii Fisher y una cepa de H. nodulosa Petch en medios líquidos y sustratos sólidos y su agresividad frente a Tetranychus urticae Koch. aMontecillo, Méx. :bEl autor,c1993 a92 h.b: ilus aTesis (M. C. Esp. en Entomología) -- C.P. Centro de Entomología y Acarología aALEPHb10c20130110lUCH01h1223 aBATCH-UPDb10c20130110lUCH01h0127 aBATCH-UPDb10c20130110lUCH01h1314 aBATCH-UPDb10c20130410lUCH01h0826 aBATCH-UPDb10c20130914lUCH01h1045 aCONVERSIONb10c20130109lUCH01h130614aControl biológico de insectos.92758214aHirsutella nodulosa.95558214aHirsutella thompsonii.95558314aSustratos.911078914aTetranychus urticae.9112502 aBK cFOLL bBCcTESd-18989eTS1h25946i8673mDsi bBCcTESd-18990eTS2fc.2h25947i8673mDsi c8466d8466 00102local4053708TESISaBCbBCcPA_TESISd2019-12-31fTESISl0p-18990r2019-12-31 00:00:00tc.2w2019-12-31yTESIS 00102local4051708TESISaBCbBCcPA_TESISd2019-12-31fTESISl0oTesisp-18989r2019-12-31 00:00:00w2019-12-31yTESIS